00000000nam 2200000zi 4500
0019.919524
003CaOODSP
00520241118092643
006m     o  d f      
007cr mn|||||||||
008230126t20232023quca    o    f000 0 eng d
020 |a9780660472935
040 |aCaOODSP|beng|erda|cCaOODSP
043 |an-cn---
0861 |aEn4-94/2-2023E-PDF
24500|aTank tip 2 : |bnew storage tank system installations.
250 |a[2023 edition].
264 1|a[Gatineau, Quebec] : |bEnvironment and Climate Change Canada = Environnement et changement climatique Canada, |c[2023]
264 4|c©2023
300 |a1 online resource (2 unnumbered pages) : |bcolour illustration
336 |atext|btxt|2rdacontent
337 |acomputer|bc|2rdamedia
338 |aonline resource|bcr|2rdacarrier
500 |aIssued also in French under title: Sachez stocker 2 : installation d'un nouveau système de stockage.
650 0|aOil storage tanks|xLaw and legislation|zCanada.
650 0|aPetroleum products|xStorage|xLaw and legislation|zCanada.
7101 |aCanada. |bEnvironment and Climate Change Canada, |eissuing body.
77508|tSachez stocker 2 : |w(CaOODSP)9.919525
795 |tTank tip 2 : |b(2019)|w(CaOODSP)9.868963
85640|qPDF|s332 KB|uhttps://publications.gc.ca/collections/collection_2024/eccc/en4/En4-94-2-2023-eng.pdf